000
00309nam a2200109Ia 4500
005
20251222154424.0
008
251222s9999||||xx |||||||||||||| ||spa||
020
_a
978-6124630323
082
_a
727.3/B45
245
0
_a
Orígenes y Evolución del Conjunto Arquitectónico de la Casona de San Marcos
942
_c
LIB
999
_c
36157
_d
36157